000 00599nam a2200193Ia 4500
003 SISC
005 20170131085548.0
008 140527s9999 xx 000 0 und d
020 _a9781412981491
050 _aHF 5414
_b.L514 2011
100 _aLee, Nancy R.
245 _aSocial marketing :
_binfluencing behaviors for good /
_cNancy R. Lee, Philip Kotler.
250 _a4th edition.
260 _aThousand Oaks, Calif. :
_bSAGE Publications,
_c2011.
300 _a502 pages :
_billustrations ;
_c24 cm.
500 _aIncludes appendices and index.
942 _kFOR
_cBK
_2lcc
999 _c117436
_d117436